| 000 | 00000nam##2200000za#4500 |
| 001 | 9.569524 |
| 003 | CaOODSP |
| 005 | 20210624181817 |
| 007 | cr ||||||||||| |
| 008 | 150406|2008||||xxc|||||o f|0| 0 eng|d |
| 040 | |aCaOODSP|beng |
| 043 | |an-cn--- |
| 086 | 1 |aNH18-1/7-2008E-PDF |
| 110 | 2 |aCanada Mortgage and Housing Corporation. |
| 245 | 10|aLatest developments in green roofs in Quebec / |h[electronic resource]|c[by] Antoine Trottier. |
| 260 | |aOttawa - Ontario : |bCanada Mortgage and Housing Corporation |c2008. |
| 300 | |a42p.|bmap, tables, photographs |
| 490 | 1 |aResearch report |
| 504 | |aBibliography. |
| 590 | |a11-08-Supp|b2011-06-16 |
| 720 | 1 |aTrottier, Antoine |
| 775 | 08|tDerniers développements en matière de toitures vertes au Québec / |w(CaOODSP)9.600622 |
| 830 | #0|aResearch report (Canada Mortgage and Housing Corporation : Online)|w(CaOODSP)9.506068 |
| 856 | 40|ahttp://publications.gc.ca|qPDF|s2.93 MB|uhttps://publications.gc.ca/collections/collection_2011/schl-cmhc/nh18-1/NH18-1-7-2008-eng.pdf |